Chansons de My eyes only - RnBoi - Statistiques

Statistiques générales
  • Ce quiz a été pris 24 fois
  • Le résultat moyen est 11 sur 14
Statistiques - réponses
Hint Réponse % Correct
Mon bébé
100%
Ft Aya Starr Mon bébé
100%
Ft Nono la Grinta Avec moi
94%
Feat L2B Bestie
88%
Intro
88%
Elle voulait
81%
Bonhomme
75%
Oui
75%
Helena
69%
Ft Aya Nakamura J'pense à toi
63%
Life
63%
Mes sous
63%
PLM
56%
Pour toi
56%
Aucun quiz correspondant
Distribution des résultats
% des personnes avec chaque résultat
Percentile par nombre de réponses
Votre historique - résultats
Vous n’avez pas pris ce quiz